Mamita yunai: el infierno de las bananeras
Saved in:
| Hovedforfatter: | |
|---|---|
| Format: | Bog |
| Sprog: | spansk |
| Udgivet: |
La Habana
Tercer Festival del Libro Cubano
1970
|
| Fag: | |
| Tags: |
Tilføj Tag
Ingen Tags, Vær først til at tagge denne postø!
|
MARC
| LEADER | 00000nam a2200000 a 4500 | ||
|---|---|---|---|
| 001 | UCT6512 | ||
| 003 | CL-VaPUC | ||
| 008 | 970113e19700000CU |||||||||||||||||spa|d | ||
| 082 | 0 | 4 | |a Cr863 |b FAL |2 21 |
| 100 | 0 | |a Fallas S., Carlos Luis |e author |9 376713 | |
| 245 | 1 | 0 | |a Mamita yunai: el infierno de las bananeras |
| 300 | |a 270 p | ||
| 942 | |c BK | ||
| 945 | |d 19970113 00:00:00 |a nastorga | ||
| 260 | |a La Habana |b Tercer Festival del Libro Cubano |c 1970 | ||
| 650 | 7 | |a NOVELAS COSTARRICENSES |2 CL-VaPUC |9 352066 | |
| 583 | |a last modification |c 19970113 00:00:00 |k Rodrigo Vera | ||
| 999 | |c 255206 |d 255204 | ||
| 952 | |0 0 |1 0 |4 0 |6 CR_863_000000000000000_FAL_1970 |7 0 |8 A |9 277339 |a BIBEDU |b BIBEDU |d 2019-11-19 |i 3268896 |o Cr863 FAL 1970 |p 3268896 |r 2019-11-19 |w 2019-11-19 |y BK |k LIT | ||